Základy teorie elektromagnetického pole : Maxwellovy rovnice a jejich použití /

Hlavní autor: Gajdošík, Libor
Jazyk: Čeština
Vydáno: Brno : MSD, 2023
Vydání: 1. vydání
Témata:
Fyzický popis: 411 stran : ilustrace ; 21 cm
Knihy
Uloženo v:
LEADER 01540nam a2200433 i 4500
001 nkc20233567345
003 CZ PrNK
005 20231220082106.0
007 ta
008 231115s2023 xr a f 001 0 cze
015 |a cnb003567345 
020 |a 978-80-7392-410-2  |q (brožováno) 
035 |a (OCoLC)1416935795 
040 |a OLA001  |b cze  |e rda 
072 7 |a 537.6/.8  |x Magnetismus. Elektromagnetismus  |2 Konspekt  |9 6 
080 |a 537.8  |2 MRF 
080 |a 537.8:517.95  |2 MRF 
080 |a (048.8)  |2 MRF 
100 1 |a Gajdošík, Libor  |7 jn20010309800  |4 aut 
245 1 0 |a Základy teorie elektromagnetického pole :  |b Maxwellovy rovnice a jejich použití /  |c Libor Gajdošík 
250 |a 1. vydání 
264 1 |a Brno :  |b MSD,  |c 2023 
300 |a 411 stran :  |b ilustrace ;  |c 21 cm 
336 |a text  |b txt  |2 rdacontent 
337 |a bez média  |b n  |2 rdamedia 
338 |a svazek  |b nc  |2 rdacarrier 
504 |a Obsahuje bibliografii a rejstřík 
650 0 7 |a elektromagnetické pole  |7 ph119881  |2 czenas 
650 0 7 |a Maxwellovy rovnice  |7 ph218895  |2 czenas 
650 0 9 |a electromagnetic fields  |2 eczenas 
650 0 9 |a Maxwell equations  |2 eczenas 
655 7 |a monografie  |7 fd132842  |2 czenas 
655 9 |a monographs  |2 eczenas 
910 2 |a BOA001  |b 2-1514.928 
990 |a BK 
995 |a 01 
991 |b 202312  |c NOV 
996 6 |b 2610955362  |c 2-1514.928  |l MZK  |r Sklad / do 1 hodiny  |n 4  |p p.v.  |w 001945887  |u 000010  |a 1  |e BOA001  |j MZK50  |s P 
996 7 |b 2610955363  |c 2-1514.928  |l MZK  |r Sklad / do 1 hodiny  |n 4  |p p.v.  |w 001945887  |u 000020  |a 1  |e BOA001  |j MZK50  |s A